Punto de encuentro : (Record no. 196268)

MARC details
000 -LEADER
campo de control de longitud fija 01875nam a2200409 i 4500
001 - NÚMERO DE CONTROL
campo de control 196268
003 - IDENTIFICADOR DE NÚMERO DE CONTROL
campo de control ES-MaACL
005 - FECHA Y HORA DE LA ÚLTIMA TRANSACCIÓN
campo de control 20250603170236.0
008 - DATOS DE LONGITUD FIJA--INFORMACIÓN GENERAL
campo de control de longitud fija 240823s2022 sp | |||| 000 0 spa
015 ## - NÚMERO DE BIBLIOGRAFÍA NACIONAL
Número de bibliografía nacional MON22
017 ## - NÚMERO DE COPYRIGHT O DE DEPÓSITO LEGAL
Número de copyright o de depósito legal M 19937-2022
Agencia que asigna Oficina Depósito Legal Madrid
020 ## - NÚMERO INTERNACIONAL ESTÁNDAR DEL LIBRO
Número Internacional Estándar del Libro 9788418164170
035 ## - NÚMERO DE CONTROL DEL SISTEMA
Número de control de sistema (SpMaBN)a7160500
035 ## - NÚMERO DE CONTROL DEL SISTEMA
Número de control de sistema 991044599379708606
040 ## - FUENTE DE CATALOGACIÓN
Centro catalogador/agencia de origen SpMaBN
Lengua de catalogación spa
Centro/agencia transcriptor SpMaBN
Normas de descripción rda
080 ## - NÚMERO DE LA CLASIFICACIÓN DECIMAL UNIVERSAL
Número de la Clasificación Decimal Universal 32(460)"20"
080 ## - NÚMERO DE LA CLASIFICACIÓN DECIMAL UNIVERSAL
Número de la Clasificación Decimal Universal 308(460)"20"
100 ## - ENTRADA PRINCIPAL--NOMBRE DE PERSONA
Nombre de persona Villazón, Jose,
Fechas asociadas al nombre 1970-
9 (RLIN) 238603
Término indicativo de función/relación Autor
245 10 - MENCIÓN DEL TÍTULO
Título Punto de encuentro :
Resto del título prontuario de política para ciudadanos a punto de renunciar /
Mención de responsabilidad, etc. Jose Villazón ; prólogo de Joaquín Goyache.
250 ## - MENCION DE EDICION
Mención de edición Primera edición: julio de 2022
264 #1 - PRODUCCIÓN, PUBLICACIÓN, DISTRIBUCIÓN, FABRICACIÓN Y COPYRIGHT
Producción, publicación, distribución, fabricación y copyright Madrid (España) :
Nombre del de productor, editor, distribuidor, fabricante Nola Editores,
Fecha de producción, publicación, distribución, fabricación o copyright [2022].
264 #4 - PRODUCCIÓN, PUBLICACIÓN, DISTRIBUCIÓN, FABRICACIÓN Y COPYRIGHT
Fecha de producción, publicación, distribución, fabricación o copyright ©2022
300 ## - DESCRIPCIÓN FÍSICA
Extensión 79 páginas :
Dimensiones 24 cm.
336 ## - TIPO DE CONTENIDO
Término de tipo de contenido Texto
Fuente rdacontent
337 ## - TIPO DE MEDIO
Nombre/término del tipo de medio sin mediación
Fuente rdamedia
338 ## - TIPO DE SOPORTE
Nombre/término del tipo de soporte volumen
Fuente rdacarrier
520 ## - RESUMEN, ETC.
Sumario, etc. Punto de encuentro ofrece una visión resumida del marco político español y de los desafíos a los que se enfrenta la sociedad española del siglo XXI. Con un lenguaje sencillo, esta obra explica las coordenadas del sistema político actual, detalla el valor de lo ya construido y los posibles consensos de futuro.
651 #7 - PUNTO DE ACCESO ADICIONAL DE MATERIA--NOMBRE GEOGRÁFICO
Nombre geográfico España-
Subdivisión general Política y gobierno-
Subdivisión cronológica S.XXI
9 (RLIN) 166701
651 #0 - PUNTO DE ACCESO ADICIONAL DE MATERIA--NOMBRE GEOGRÁFICO
Nombre geográfico España-
Subdivisión general Situación social-
Subdivisión cronológica S.XXI
9 (RLIN) 238604
700 ## - ENTRADA AGREGADA--NOMBRE PERSONAL
Nombre de persona Goyache Goñi, Joaquín,
Fechas asociadas al nombre 1962-
9 (RLIN) 238605
Término indicativo de función/relación Autor de introducción
852 ## - LOCALIZACIÓN
Ubicación ES-MaACL
Sublocalización o colección R.154507
Ubicación en estantería Depósito J
Número de control de estantería N-9322
Anotaciones manuscritas Dedicatoria autógrafa del autor
Donativo/Legado Donación: Jose Villazón
Encuadernación Encuadernación rústica con solapas
itemnumber 205393
903 ## - NOMBRE PERSONAL DE DONANTE
a Villazón, Jose,
e Donante
9 238603
d 1970-
942 ## - ELEMENTOS DE ENTRADA SECUNDARIOS (KOHA)
Tipo de ítem Koha Libro impreso
Suprimir en OPAC No
Holdings
Estatus retirado Estado de pérdida Fuente del sistema de clasificación o colocación Estado de daño No para préstamo Colección Biblioteca de origen Biblioteca actual Ubicación en estantería Fecha de adquisición Fuente de adquisición Total de préstamos Signatura topográfica completa Código de barras Visto por última vez Precio de reemplazo Tipo de ítem Koha
    Clasificación decimal universal     Libros con dedicatorias Biblioteca del Ateneo de Madrid Biblioteca del Ateneo de Madrid Depósito J 10/05/2025 Donación   N-9322 101230045 10/05/2025 10/05/2025 Libro impreso